00688nam a2200229 a 4500001001300000003000900013005001700022008004100039020002600080082001600106100001800122245005200140260004700192300000900239500003500248505001000283700001800293902000800311942000700319952011700326999001500443nice12345678IN_TiNIC20260116013133.0050524s1989 newa grp 000 0 eng  a0815632 c702.6500a297.82bHAE aHaeri, Shahla aLaw of Desireb Temporary Marriage in Shii Iran aNew YorkbSyracuse University Press c1989 a256p aincludes index and biblioraphy2 aIndex1 aHaeri, Shahla bSRS cBK 001040708StackRoom-aHMIbHMId2007-06-28g702.65l0o297.82 HAEp016740r2007-06-28v702.65w2005-05-24yBK c9814d9814